[Event "41st Guernsey International Open"]
[Site "Guernsey, GCI"]
[Date "2015.10.23"]
[Round "6"]
[White "Marley, Andrew SG"]
[Black "Burton, Ronnie"]
[Result "1-0"]
[WhiteElo "1882"]
[BlackElo "1972"]
[PlyCount "153"]
[EventDate "2015.10.18"]
[EventType "swiss"]
[EventRounds "7"]

1. d4 d6 2. Nf3 Bg4 3. c4 Bxf3 4. gxf3 Nd7 5. Nc3 g6 6. e4 Bg7 7. Be3 Ngf6 8.
Qd2 c5 9. Be2 h5 10. Rg1 cxd4 11. Bxd4 Bh6 12. Be3 Bxe3 13. Qxe3 Qb6 14. Qd2
Ne5 15. h3 Rc8 16. b3 Nc6 17. Rd1 a6 18. f4 Qa5 19. Kf1 Kf8 20. Qe3 Qc5 21. Qd2
Rd8 22. Qb2 e5 23. Na4 Qa5 24. fxe5 dxe5 25. Rxd8+ Qxd8 26. f3 Kg7 27. Kf2 Qd4+
28. Qxd4 Nxd4 29. c5 Nxe2 30. Kxe2 Rd8 31. Nb6 Nd7 32. b4 Kf6 33. Nd5+ Ke6 34.
h4 Rc8 35. Rc1 Rc6 36. Kd3 f5 37. Rg1 Nf8 38. Nb6 Kf6 39. a3 Ne6 40. Kc4 Nf4
41. Nd5+ Kf7 42. Nxf4 exf4 43. exf5 gxf5 44. Kd5 Rc8 45. Kd6 Re8 46. Kc7 Re7+
47. Kb6 Kf6 48. a4 Re3 49. Rf1 Rb3 50. b5 axb5 51. axb5 Ke6 52. c6 bxc6 53.
Kxc6 Rc3+ 54. Kb7 Rb3 55. b6 Kd6 56. Ka7 Ra3+ 57. Kb8 Rb3 58. b7 Ke5 59. Re1+
Kd4 60. Kc7 Rc3+ 61. Kd6 Rb3 62. Re7 Rb2 63. Kc7 Rc2+ 64. Kd8 Rb2 65. Kc8 Rc2+
66. Rc7 Rb2 67. b8=Q Rxb8+ 68. Kxb8 Ke3 69. Rc3+ Kf2 70. Kc7 Kg3 71. Kd6 Kxh4
72. Ke5 Kg3 73. Kxf5 h4 74. Ke4 h3 75. Rc8 h2 76. Rh8 Kg2 77. Kxf4 1-0

[Event "41st Guernsey International Open"]
[Site "Guernsey, GCI"]
[Date "2015.10.23"]
[Round "6"]
[White "Jackson, Oliver A"]
[Black "Bakker, Joop"]
[Result "1-0"]
[WhiteElo "2077"]
[BlackElo "1899"]
[PlyCount "67"]
[EventDate "2015.10.18"]
[EventType "swiss"]
[EventRounds "7"]

1. e4 g6 2. Nc3 Bg7 3. f4 c6 4. Bc4 d5 5. exd5 b5 6. Bb3 b4 7. Nce2 cxd5 8. Nf3
Nf6 9. O-O O-O 10. d3 Bb7 11. Qe1 e6 12. Qxb4 Qc7 13. Qe1 Nc6 14. Bd2 Rfc8 15.
Rc1 Nd7 16. Bc3 f6 17. Ned4 Re8 18. Kh1 Nxd4 19. Nxd4 e5 20. fxe5 fxe5 21. Qg3
Qb6 22. Nf3 Kh8 23. Rce1 d4 24. Ng5 Bf6 25. Nf7+ Kg7 26. Bd2 h5 27. Bh6+ Kh7
28. Bg5 Bg7 29. h4 Qc7 30. Bd2 Nc5 31. Ng5+ Kh8 32. Bf7 Re7 33. Bxg6 Bh6 34.
Nf7+ 1-0

[Event "41st Guernsey International Open"]
[Site "Guernsey, GCI"]
[Date "2015.10.23"]
[Round "6"]
[White "Petersons, Ojars"]
[Black "Dijksterhuis, Rolf"]
[Result "1/2-1/2"]
[WhiteElo "1827"]
[BlackElo "2006"]
[PlyCount "128"]
[EventDate "2015.10.18"]
[EventType "swiss"]
[EventRounds "7"]

1. d4 d5 2. Nf3 Nf6 3. e3 Bf5 4. Bd3 Bxd3 5. cxd3 e6 6. Nc3 Be7 7. O-O O-O 8.
Bd2 Nbd7 9. Rc1 a6 10. Ne5 c5 11. Nxd7 Nxd7 12. Ne2 b5 13. dxc5 Nxc5 14. Bc3
Rc8 15. Bb4 a5 16. Bxc5 Bxc5 17. d4 Bd6 18. Qd3 Qd7 19. g3 g6 20. Nc3 b4 21.
Ne2 Qb7 22. b3 Kg7 23. Rxc8 Rxc8 24. Rc1 Rxc1+ 25. Nxc1 Qc6 26. Ne2 h5 27. h4
f6 28. Qb1 f5 29. Qc1 Qxc1+ 30. Nxc1 Kf6 31. f4 Ke7 32. Kf2 Kd7 33. Ke2 Kc6 34.
Kd3 Kb5 35. Ne2 Be7 36. Ng1 a4 37. Nf3 axb3 38. axb3 Bf6 39. Kc2 Kb6 40. Ne1
Be7 41. Nd3 Bd6 42. Kd2 Kc6 43. Ke2 Kd7 44. Kf3 Ke7 45. Kg2 Kd7 46. Ne1 Be7 47.
Nf3 Bf6 48. Ng1 Ke8 49. Kf3 Kd7 50. Nh3 Ke8 51. Nf2 Be7 52. Nd3 Bd6 53. Ke2 Kd7
54. Nb2 Kc6 55. Kd3 Be7 56. Ke2 Bd6 57. Kf3 Kd7 58. Kf2 Kc6 59. Nd3 Kd7 60. Ke2
Kc6 61. Ne5+ Bxe5 62. fxe5 Kd7 63. Kf3 Ke7 64. Kf4 Kf7 1/2-1/2

[Event "41st Guernsey International Open"]
[Site "Guernsey, GCI"]
[Date "2015.10.23"]
[Round "6"]
[White "Von Saldern, Ruediger"]
[Black "Plug, Arjan"]
[Result "0-1"]
[WhiteElo "1950"]
[BlackElo "1824"]
[PlyCount "66"]
[EventDate "2015.10.18"]
[EventType "swiss"]
[EventRounds "7"]

1. d4 Nf6 2. Nf3 e6 3. c4 Nc6 4. Nc3 Bb4 5. Bg5 h6 6. Bh4 g5 7. Bg3 Ne4 8. Qc2
d5 9. e3 h5 10. h4 Nxg3 11. fxg3 g4 12. Ng1 Qe7 13. O-O-O Bxc3 14. Qxc3 Bd7 15.
Bd3 O-O-O 16. Ne2 Nb4 17. Bb1 dxc4 18. Qxc4 Nd5 19. Rd3 a6 20. Ra3 Bb5 21. Qc2
Rd6 22. Re1 Rc6 23. Nc3 Qxa3 24. bxa3 Rxc3 25. Kd2 Rxc2+ 26. Bxc2 Nb6 27. Kc3
Rh6 28. Bd3 Bxd3 29. Kxd3 Rf6 30. Ke2 Kd7 31. Rc1 Rf5 32. e4 Ra5 33. Rf1 Ke7
0-1

[Event "41st Guernsey International Open"]
[Site "Guernsey, GCI"]
[Date "2015.10.23"]
[Round "6"]
[White "Murray, J Stephen"]
[Black "Kershaw, Graham J"]
[Result "1/2-1/2"]
[WhiteElo "1814"]
[BlackElo "1900"]
[PlyCount "36"]
[EventDate "2015.10.18"]
[EventType "swiss"]
[EventRounds "7"]

1. e4 e6 2. d4 d5 3. Nd2 c5 4. exd5 Qxd5 5. Ngf3 Nc6 6. Bc4 Qd8 7. O-O Nf6 8.
Nb3 cxd4 9. Nbxd4 Bd7 10. Nb5 Na5 11. Be2 Be7 12. Nd6+ Bxd6 13. Qxd6 Rc8 14. c3
Qe7 15. Qxe7+ Kxe7 16. Bg5 h6 17. Bh4 g5 18. Bg3 Nh5 1/2-1/2

[Event "41st Guernsey International Open"]
[Site "Guernsey, GCI"]
[Date "2015.10.23"]
[Round "6"]
[White "Cummins, John"]
[Black "Hardy, Roger"]
[Result "1/2-1/2"]
[WhiteElo "1823"]
[BlackElo "1949"]
[PlyCount "88"]
[EventDate "2015.10.18"]
[EventType "swiss"]
[EventRounds "7"]

1. e4 c6 2. Nf3 d5 3. exd5 cxd5 4. d4 Bg4 5. Be2 Bxf3 6. Bxf3 Nf6 7. c3 e6 8.
Nd2 Bd6 9. O-O Qc7 10. g3 Nc6 11. Re1 O-O 12. Nf1 b5 13. Bg5 Nd7 14. a3 Rfe8
15. Bg2 Rab8 16. Rb1 Na5 17. Nd2 Nc4 18. Nf3 Ndb6 19. Bc1 a5 20. Qd3 Nd7 21.
Ng5 Nf8 22. Nh3 a4 23. Nf4 Na5 24. Nh5 f5 25. Bf4 Nc4 26. Bxd6 Nxd6 27. Nf4 g5
28. Ne2 Ne4 29. f3 Nd6 30. h4 h6 31. hxg5 hxg5 32. Kf2 Re7 33. Rh1 Rh7 34. Qe3
Qe7 35. Nc1 Rxh1 36. Bxh1 Nc4 37. Qe2 f4 38. Nd3 Ng6 39. Rg1 Kf7 40. Bg2 Rh8
41. Rh1 Rxh1 42. Bxh1 fxg3+ 43. Kxg3 Nf4 44. Qh2 Nxd3 1/2-1/2

[Event "41st Guernsey International Open"]
[Site "Guernsey, GCI"]
[Date "2015.10.23"]
[Round "6"]
[White "Ippel, Cornelius J"]
[Black "Van Randen, Fred"]
[Result "0-1"]
[WhiteElo "1807"]
[BlackElo "1908"]
[PlyCount "158"]
[EventDate "2015.10.18"]
[EventType "swiss"]
[EventRounds "7"]

1. Nc3 e5 2. e4 Bc5 3. Nf3 Nc6 4. Bc4 Nf6 5. O-O d6 6. h3 Na5 7. Bb3 Nxb3 8.
axb3 O-O 9. d4 exd4 10. Nxd4 Re8 11. f3 d5 12. Nxd5 Nxd5 13. exd5 Qxd5 14. c3
Bf5 15. Bf4 Bb6 16. Bg3 Bg6 17. Bf2 Rad8 18. b4 h6 19. Re1 a6 20. Rxe8+ Rxe8
21. Qd2 Kh7 22. Ra3 Qe5 23. c4 Bxd4 24. Bxd4 Qf5 25. Ra1 Qd7 26. Qc3 f6 27. Kf2
Rd8 28. Rd1 Qf5 29. Rd2 Re8 30. Rd1 Qh5 31. Bxf6 gxf6 32. Qxf6 Bf7 33. Rd7 Kg8
34. Rxc7 Qg6 35. Qxg6+ Bxg6 36. Rxb7 Re6 37. c5 Bd3 38. Rb6 Kf7 39. c6 Re2+ 40.
Kg3 Rc2 41. Kf4 Bb5 42. Rb7+ Kf6 43. c7 Rc4+ 44. Ke3 Bd7 45. Rb6+ Kg7 46. Rxa6
Rxc7 47. Rd6 Be8 48. g4 Rc2 49. Rd2 Rc4 50. Rd4 Rc2 51. h4 Rxb2 52. h5 Rb3+ 53.
Kf2 Bc6 54. f4 Rf3+ 55. Ke2 Rg3 56. Rd6 Bb5+ 57. Kf2 Rxg4 58. Ke3 Rg1 59. Rb6
Be8 60. Rb7+ Kg8 61. Rb6 Kg7 62. Rb7+ Kg8 63. Rb8 Re1+ 64. Kd4 Kg7 65. Rb7+ Kg8
66. Rb8 Kf7 67. Rb6 Re6 68. Rb7+ Kf6 69. Ra7 Kf5 70. Ra5+ Kxf4 71. b5 Re4+ 72.
Kc3 Re5 73. Ra6 Rxh5 74. b6 Bc6 75. Ra7 Rb5 76. Rh7 h5 77. Kc4 Kg4 78. Rh6 Rxb6
79. Kc5 Ra6 0-1

[Event "41st Guernsey International Open"]
[Site "Guernsey, GCI"]
[Date "2015.10.24"]
[Round "7"]
[White "Drenchev, Petar"]
[Black "Koop, Thorben"]
[Result "1-0"]
[WhiteElo "2465"]
[BlackElo "2407"]
[PlyCount "85"]
[EventDate "2015.10.18"]
[EventType "swiss"]
[EventRounds "7"]

1. e4 c5 2. Nf3 Nc6 3. d4 cxd4 4. Nxd4 e5 5. Nb5 d6 6. N1c3 a6 7. Na3 b5 8. Nd5
Nce7 9. c4 Nxd5 10. exd5 bxc4 11. Nxc4 Be7 12. a4 Nf6 13. a5 O-O 14. Nb6 Rb8
15. Bc4 Bb7 16. O-O Nd7 17. Nxd7 Qxd7 18. Qe2 Ra8 19. b4 Rfc8 20. Be3 Bd8 21.
Rfc1 f5 22. f3 Qf7 23. Qd2 Kh8 24. Ba2 Qd7 25. Qd3 Bf6 26. Rab1 Rxc1+ 27. Rxc1
Rc8 28. Bc4 Bd8 29. Rb1 Ra8 30. Bd2 g6 31. b5 axb5 32. Bxb5 Qc8 33. Rc1 Qb8 34.
a6 Bc8 35. Be3 Bb6 36. Rxc8+ Qxc8 37. Bxb6 Rb8 38. Be3 f4 39. Bf2 Qc1+ 40. Qf1
Qxf1+ 41. Bxf1 Rb1 42. a7 Ra1 43. g4 1-0

[Event "41st Guernsey International Open"]
[Site "Guernsey, GCI"]
[Date "2015.10.24"]
[Round "7"]
[White "Abbas, Daniel"]
[Black "Hebden, Mark"]
[Result "0-1"]
[WhiteElo "2168"]
[BlackElo "2490"]
[PlyCount "94"]
[EventDate "2015.10.18"]
[EventType "swiss"]
[EventRounds "7"]

1. e4 e5 2. Nf3 Nc6 3. Bb5 a6 4. Ba4 Nf6 5. O-O Be7 6. d3 b5 7. Bb3 d6 8. a4
Bd7 9. Nc3 Na5 10. Ba2 O-O 11. Be3 b4 12. Nd5 Rb8 13. Nxe7+ Qxe7 14. Nd2 Be6
15. Bg5 h6 16. Bxf6 Qxf6 17. Bc4 Nxc4 18. Nxc4 d5 19. Nd2 Rfd8 20. Qe2 dxe4 21.
dxe4 Rd4 22. Rfd1 Rbd8 23. f3 a5 24. Nf1 Bc4 25. Qe1 Bxf1 26. Qxf1 Qd6 27. Rd3
Rxd3 28. cxd3 Qd4+ 29. Qf2 Qxf2+ 30. Kxf2 Rxd3 31. Ke2 Rb3 32. Rb1 c5 33. Rc1
Rxb2+ 34. Kd3 Ra2 35. Rxc5 Rxa4 36. Rxe5 Ra3+ 37. Kc4 b3 38. Re8+ Kh7 39. Rb8
a4 40. Kc3 Ra2 41. Rb4 Rxg2 42. Rxa4 b2 43. Rb4 Rxh2 44. f4 h5 45. Kd3 h4 46.
Ke3 h3 47. Kf3 Rc2 0-1

[Event "41st Guernsey International Open"]
[Site "Guernsey, GCI"]
[Date "2015.10.24"]
[Round "7"]
[White "Cherniaev, Alexander"]
[Black "Petrov, Marian"]
[Result "0-1"]
[WhiteElo "2458"]
[BlackElo "2462"]
[PlyCount "70"]
[EventDate "2015.10.18"]
[EventType "swiss"]
[EventRounds "7"]

1. e4 c5 2. Nc3 Nc6 3. Bb5 Nd4 4. Bc4 e6 5. Nge2 Nf6 6. O-O a6 7. a4 Qc7 8. d3
Be7 9. f4 d6 10. f5 O-O 11. Nf4 d5 12. exd5 exf5 13. Nb1 g5 14. c3 gxf4 15.
cxd4 Bd6 16. Qf3 cxd4 17. Bxf4 Ng4 18. Qg3 Bxf4 19. Rxf4 Qb6 20. h3 Qxb2 21.
hxg4 Qxa1 22. gxf5+ Kh8 23. Rh4 Qxb1+ 24. Kh2 Qb6 25. Qe5+ f6 26. Rxh7+ Kxh7
27. Qe7+ Kh6 28. Qxf8+ Kg5 29. d6 Qc5 30. Qg7+ Kxf5 31. g4+ Kf4 32. Qxf6+ Ke3
33. Kg3 Kd2 34. Qf2+ Kc3 35. Qe1+ Kb2 0-1

[Event "41st Guernsey International Open"]
[Site "Guernsey, GCI"]
[Date "2015.10.24"]
[Round "7"]
[White "Godard, Maxence"]
[Black "Heppell, Ian N"]
[Result "1-0"]
[WhiteElo "2327"]
[BlackElo "2089"]
[PlyCount "61"]
[EventDate "2015.10.18"]
[EventType "swiss"]
[EventRounds "7"]

1. e4 e5 2. Bc4 Nf6 3. d3 c6 4. Nf3 d5 5. Bb3 Bd6 6. Nc3 d4 7. Ne2 Nbd7 8. c3
dxc3 9. bxc3 O-O 10. O-O Re8 11. Ng5 Re7 12. Ng3 Nf8 13. Nh5 Nxh5 14. Qxh5 g6
15. Qh6 Be6 16. Nxe6 Nxe6 17. d4 Qa5 18. Bd2 Ree8 19. Rad1 Rad8 20. Qh3 Qc7 21.
f4 exd4 22. f5 Nf4 23. Qf3 g5 24. g3 dxc3 25. Bxc3 Bc5+ 26. Kh1 Nd5 27. exd5
Re3 28. Qg4 Rxc3 29. Qxg5+ Kf8 30. f6 cxd5 31. Rfe1 1-0

[Event "41st Guernsey International Open"]
[Site "Guernsey, GCI"]
[Date "2015.10.24"]
[Round "7"]
[White "Oehne, Timo"]
[Black "Reijneveld, Ad"]
[Result "1/2-1/2"]
[WhiteElo "2010"]
[BlackElo "2095"]
[PlyCount "43"]
[EventDate "2015.10.18"]
[EventType "swiss"]
[EventRounds "7"]

1. Nf3 Nf6 2. g3 c5 3. c4 Nc6 4. Bg2 g6 5. O-O Bg7 6. Nc3 O-O 7. d4 cxd4 8.
Nxd4 Nxd4 9. Qxd4 d6 10. e4 a5 11. Qd3 Nd7 12. f4 Nc5 13. Qe2 a4 14. Rd1 a3 15.
e5 axb2 16. Bxb2 Be6 17. exd6 Qb6 18. Kh1 exd6 19. Rab1 Qa6 20. Nd5 Bxd5 21.
Bxd5 Qxa2 22. Qg2 1/2-1/2

[Event "41st Guernsey International Open"]
[Site "Guernsey, GCI"]
[Date "2015.10.24"]
[Round "7"]
[White "Hickman, John E"]
[Black "Havenaar, Jan"]
[Result "0-1"]
[WhiteElo "1924"]
[BlackElo "2016"]
[PlyCount "112"]
[EventDate "2015.10.18"]
[EventType "swiss"]
[EventRounds "7"]

1. e4 g6 2. d4 Bg7 3. Nc3 d6 4. f4 a6 5. Nf3 b5 6. Bd3 Nd7 7. a4 b4 8. Ne2 c5
9. c3 Qb6 10. O-O Bb7 11. Kh1 bxc3 12. bxc3 Ngf6 13. Rb1 Qc7 14. e5 Nd5 15. e6
fxe6 16. Ng5 N7f6 17. Nxe6 Qc6 18. Rxb7 Qxb7 19. f5 Kf7 20. fxg6+ hxg6 21. Nxg7
Kxg7 22. Rf3 Rh4 23. Bg5 Rh5 24. Qd2 Rah8 25. h4 Nh7 26. Ng3 Rxg5 27. hxg5
Nxg5+ 28. Kg1 Nxf3+ 29. gxf3 e6 30. dxc5 dxc5 31. Qg5 Qf7 32. Qg4 Qf6 33. Ne4
Qf5 34. Nxc5 Qxg4+ 35. fxg4 Kf6 36. Bxa6 Nxc3 37. Kg2 Ke5 38. Kf3 Rh3+ 39. Kg2
Rh7 40. Nd3+ Kd6 41. Bc4 e5 42. a5 Rc7 43. Bg8 Ra7 44. Kg3 Rxa5 45. Nb2 Kc5 46.
Nc4 Ra8 47. Bf7 Kd4 48. Nd2 Ne2+ 49. Kf2 Nf4 50. Nf3+ Ke4 51. Ng5+ Kd3 52. Nf3
Ra5 53. Nh4 e4 54. Nxg6 e3+ 55. Kf3 Nxg6 56. Bxg6+ Kd2 0-1

[Event "41st Guernsey International Open"]
[Site "Guernsey, GCI"]
[Date "2015.10.24"]
[Round "7"]
[White "Broek, Thomas"]
[Black "Corkett, Anthony R"]
[Result "0-1"]
[WhiteElo "2205"]
[BlackElo "2306"]
[PlyCount "88"]
[EventDate "2015.10.18"]
[EventType "swiss"]
[EventRounds "7"]

1. Nf3 c5 2. e4 Nc6 3. d4 cxd4 4. Nxd4 g6 5. Nc3 Bg7 6. Be3 Nf6 7. Nxc6 bxc6 8.
e5 Ng8 9. f4 Nh6 10. Ne4 Rb8 11. Bc4 d5 12. exd6 Bf5 13. d7+ Bxd7 14. Bd4 Bg4
15. Bxg7 Bxd1 16. Rxd1 Qa5+ 17. c3 Nf5 18. Bxh8 Ne3 19. b4 Qf5 20. Bd3 Qg4 21.
Nf2 Nxg2+ 22. Kf1 Ne3+ 23. Ke1 Qxf4 24. Rd2 f6 25. Be4 Kf7 26. Rd4 Qh6 27. Bxf6
exf6 28. Rd7+ Kg8 29. Bxc6 Qf4 30. Ne4 Re8 31. Nd6 Re6 32. Rd8+ Kg7 33. Rd7+
Kh6 34. Nf7+ Kh5 35. Nd8 Qh4+ 36. Ke2 Qc4+ 37. Rd3 Qxa2+ 38. Rd2 Nc4+ 39. Nxe6
Qxd2+ 40. Kf3 Qe3+ 41. Kg2 Qxe6 42. Bf3+ Kh6 43. Ra1 Ne3+ 44. Kf2 Nf5 0-1

[Event "41st Guernsey International Open"]
[Site "Guernsey, GCI"]
[Date "2015.10.24"]
[Round "7"]
[White "Magnussen, Pal"]
[Black "Mack, Wolfgang"]
[Result "1/2-1/2"]
[WhiteElo "1987"]
[BlackElo "2223"]
[PlyCount "94"]
[EventDate "2015.10.18"]
[EventType "swiss"]
[EventRounds "7"]

1. e4 g6 2. d4 Bg7 3. Nf3 d6 4. h3 Nd7 5. Nc3 a6 6. a4 b6 7. Be2 Bb7 8. Be3 e6
9. O-O Ne7 10. Qd2 h6 11. Rfe1 Kf8 12. Rad1 Kg8 13. Nh2 f5 14. exf5 Nxf5 15.
Bc4 d5 16. Ba2 c5 17. Nf3 Kh7 18. g4 Nh4 19. Nh2 Qf6 20. f4 Rhf8 21. Rf1 cxd4
22. Bxd4 Qxd4+ 23. Qxd4 Bxd4+ 24. Rxd4 g5 25. Ne2 gxf4 26. Rdxf4 Rxf4 27. Nxf4
Rf8 28. Nxe6 Rxf1+ 29. Kxf1 Nc5 30. Nxc5 bxc5 31. Ke2 a5 32. Nf3 Ng6 33. c3 Kg7
34. Ke3 Kf6 35. h4 Bc6 36. Bb3 Nf8 37. Bc2 Nd7 38. Kf4 Nb6 39. g5+ hxg5+ 40.
hxg5+ Kg7 41. b3 c4 42. Nd4 cxb3 43. Ne6+ Kg8 44. Bxb3 Bxa4 45. Ba2 Bb5 46. Ke5
a4 47. Nd4 Bc4 1/2-1/2

[Event "41st Guernsey International Open"]
[Site "Guernsey, GCI"]
[Date "2015.10.24"]
[Round "7"]
[White "Dilleigh, Stephen P"]
[Black "Vonhoff, Nils"]
[Result "1/2-1/2"]
[WhiteElo "2074"]
[BlackElo "1999"]
[PlyCount "41"]
[EventDate "2015.10.18"]
[EventType "swiss"]
[EventRounds "7"]

1. Nf3 Nf6 2. c4 c5 3. Nc3 g6 4. d4 cxd4 5. Nxd4 Bg7 6. e4 O-O 7. Be2 d6 8. Be3
Nbd7 9. O-O Nc5 10. f3 Bd7 11. Rc1 b6 12. b4 Ne6 13. Nxe6 Bxe6 14. Nd5 Nd7 15.
Nf4 Bh6 16. Qd2 Bxf4 17. Bxf4 a5 18. a3 f6 19. Rfd1 axb4 20. axb4 Qc7 21. Rc2
1/2-1/2

[Event "41st Guernsey International Open"]
[Site "Guernsey, GCI"]
[Date "2015.10.24"]
[Round "7"]
[White "Hewson, Brian WR"]
[Black "Goris, Ton"]
[Result "1/2-1/2"]
[WhiteElo "2059"]
[BlackElo "1975"]
[PlyCount "66"]
[EventDate "2015.10.18"]
[EventType "swiss"]
[EventRounds "7"]

1. d4 e6 2. Nf3 c5 3. g3 Nf6 4. Bg2 d5 5. c3 Nc6 6. O-O Bd6 7. dxc5 Bxc5 8. b4
Bd6 9. b5 Na5 10. Ba3 O-O 11. Bxd6 Qxd6 12. Nbd2 Bd7 13. Qa4 Qb6 14. Rab1 a6
15. Qb4 Qxb5 16. Ne5 Qxb4 17. cxb4 Nc6 18. Nxd7 Nxd7 19. e4 Ne7 20. exd5 Nxd5
21. Bxd5 exd5 22. Nb3 b6 23. Rfd1 Nf6 24. Nd4 Rfc8 25. Nf5 Kf8 26. Ne3 Rd8 27.
Rb3 Ra7 28. Rd4 g6 29. Rbd3 a5 30. b5 Rad7 31. g4 h6 32. h4 g5 33. h5 Kg7
1/2-1/2

[Event "41st Guernsey International Open"]
[Site "Guernsey, GCI"]
[Date "2015.10.24"]
[Round "7"]
[White "Maloberti, David"]
[Black "Purdon, Colin"]
[Result "1/2-1/2"]
[WhiteElo "1975"]
[BlackElo "2042"]
[PlyCount "59"]
[EventDate "2015.10.18"]
[EventType "swiss"]
[EventRounds "7"]

1. d4 d5 2. c4 c6 3. e3 Nf6 4. Nc3 e6 5. Bd3 Nbd7 6. Nf3 dxc4 7. Bxc4 b5 8. Bd3
Bd6 9. O-O Bb7 10. e4 e5 11. dxe5 Nxe5 12. Nxe5 Bxe5 13. Be3 O-O 14. Bc2 Qe7
15. f3 Rfd8 16. Qe1 Rd7 17. a3 a6 18. Qf2 Rad8 19. Rfd1 Bxc3 20. Rxd7 Nxd7 21.
bxc3 Ne5 22. Bd4 Bc8 23. a4 Nc4 24. axb5 axb5 25. Ra7 Rd7 26. Ra8 Rd8 27. f4 f6
28. Ra7 Rd7 29. Ra8 Rd8 30. Ra7 1/2-1/2

[Event "41st Guernsey International Open"]
[Site "Guernsey, GCI"]
[Date "2015.10.24"]
[Round "7"]
[White "Fruteau, Sabine"]
[Black "Fassaert, Desire JM"]
[Result "0-1"]
[WhiteElo "2037"]
[BlackElo "1912"]
[PlyCount "104"]
[EventDate "2015.10.18"]
[EventType "swiss"]
[EventRounds "7"]

1. e4 c6 2. d4 d5 3. e5 Bf5 4. Ne2 e6 5. Ng3 Bg6 6. h4 h6 7. h5 Bh7 8. Bd3 Bxd3
9. Qxd3 Nd7 10. c3 c5 11. O-O Ne7 12. dxc5 Nxc5 13. Qe2 Nc6 14. Nd2 Be7 15. Nf3
O-O 16. b4 Na4 17. b5 Na5 18. Qc2 Nb6 19. a4 Nbc4 20. Ne2 Rc8 21. Ned4 Bc5 22.
Qe2 Rc7 23. g4 Be7 24. Kg2 Nb6 25. Rh1 Rc4 26. Bd2 Nxa4 27. g5 Bxg5 28. Nxg5
hxg5 29. Qd3 Nc5 30. Qh3 Ne4 31. Be1 b6 32. Nxe6 fxe6 33. Qxe6+ Rf7 34. h6 Qd7
35. Qg6 Qf5 36. h7+ Kh8 37. Qxf5 Rxf5 38. f3 Nc5 39. Rd1 Rxe5 40. Bg3 Rf5 41.
Rde1 Rf8 42. Re7 Nd3 43. Bd6 Rh4 44. Rxg7 Kxg7 45. Bxf8+ Kxh7 46. Rd1 Nf4+ 47.
Kg3 Kg6 48. Bb4 Kf5 49. Ra1 Rh3+ 50. Kf2 Rh2+ 51. Kg1 Rc2 52. Re1 Rc1 0-1

[Event "41st Guernsey International Open"]
[Site "Guernsey, GCI"]
[Date "2015.10.24"]
[Round "7"]
[White "Wager, John D"]
[Black "Downey, Keith"]
[Result "1-0"]
[WhiteElo "2029"]
[BlackElo "1869"]
[PlyCount "89"]
[EventDate "2015.10.18"]
[EventType "swiss"]
[EventRounds "7"]

1. d4 Nf6 2. Nf3 e6 3. e3 c5 4. Bd3 b6 5. O-O Bb7 6. c4 Be7 7. Nc3 d6 8. d5
exd5 9. cxd5 O-O 10. e4 a6 11. a4 Nbd7 12. Bf4 Nh5 13. Be3 Nhf6 14. Nd2 Ne5 15.
Be2 Qd7 16. h3 Rae8 17. f4 Ng6 18. Bd3 Bd8 19. Qf3 h6 20. Rae1 Nh7 21. g4 Bf6
22. Ndb1 Re7 23. Qe2 Qc8 24. Qc2 Rd8 25. Nd2 Nhf8 26. Nc4 Qc7 27. Qb3 Bxc3 28.
bxc3 Nd7 29. Bd2 Ree8 30. Ne3 Rf8 31. c4 Nh8 32. Nf5 Rde8 33. Bc3 f6 34. Qb2
Bc8 35. Re3 Nf7 36. Rg3 Nb8 37. Nxg7 Kxg7 38. g5 Ne5 39. gxf6+ Kh8 40. fxe5
dxe5 41. Kh2 Qd6 42. Rg6 Kh7 43. Qg2 Rg8 44. Rg7+ Kh8 45. Qg6 1-0

[Event "41st Guernsey International Open"]
[Site "Guernsey, GCI"]
[Date "2015.10.24"]
[Round "7"]
[White "Kirby, Peter J"]
[Black "Salimbeni, George PW"]
[Result "1/2-1/2"]
[WhiteElo "1977"]
[BlackElo "2142"]
[PlyCount "86"]
[EventDate "2015.10.18"]
[EventType "swiss"]
[EventRounds "7"]

1. c4 Nf6 2. Nf3 e6 3. g3 Be7 4. Bg2 O-O 5. O-O d5 6. d4 c6 7. Qc2 Nbd7 8. Nbd2
b6 9. e4 dxe4 10. Nxe4 Bb7 11. Rd1 Rc8 12. Bf4 Nxe4 13. Qxe4 Nf6 14. Qc2 Nh5
15. Be3 Bd6 16. Ng5 g6 17. Ne4 Be7 18. Qd2 Ng7 19. Bf4 Re8 20. Ng5 h6 21. Nf3
g5 22. Be3 Nf5 23. Ne5 Bf6 24. f4 Nxe3 25. Qxe3 Bg7 26. Qf3 Rc7 27. Qh5 gxf4
28. gxf4 Qf6 29. Rf1 Rd8 30. Rad1 c5 31. dxc5 bxc5 32. b3 Bxg2 33. Kxg2 Rxd1
34. Qxd1 Qe7 35. Qf3 Rc8 36. Rd1 Qh4 37. Qg3 Qxg3+ 38. hxg3 Rc7 39. Rd8+ Kh7
40. Kf3 Bf6 41. Ra8 Bxe5 42. fxe5 Kg6 43. g4 Kg7 1/2-1/2

[Event "41st Guernsey International Open"]
[Site "Guernsey, GCI"]
[Date "2015.10.24"]
[Round "7"]
[White "Van Den Boogaart, Jan Maarten"]
[Black "Norman, Kenneth I"]
[Result "1/2-1/2"]
[WhiteElo "1980"]
[BlackElo "2124"]
[PlyCount "75"]
[EventDate "2015.10.18"]
[EventType "swiss"]
[EventRounds "7"]

1. e4 e5 2. Nf3 Nc6 3. d4 exd4 4. Nxd4 Bc5 5. Nb3 Bb6 6. Nc3 d6 7. Qe2 Nge7 8.
Be3 O-O 9. O-O-O Bxe3+ 10. Qxe3 f5 11. f4 fxe4 12. Qxe4 Ng6 13. g3 Bf5 14. Qg2
Qe8 15. Bc4+ Kh8 16. Rhe1 Qd7 17. Nc5 Qc8 18. Be6 Bxe6 19. Nxe6 Rf6 20. Ng5 h6
21. Nf3 Rf7 22. Nd4 Nxd4 23. Rxd4 Rb8 24. Rde4 Qd7 25. Qf2 a6 26. Qa7 Rff8 27.
Qe3 c6 28. Re6 Ne5 29. Rxh6+ gxh6 30. fxe5 dxe5 31. Qxh6+ Qh7 32. Qd6 Rbe8 33.
Ne4 Qg7 34. b3 Rd8 35. Qc5 Rd5 36. Qe3 Re8 37. Rf1 Rf8 38. Re1 1/2-1/2

[Event "41st Guernsey International Open"]
[Site "Guernsey, GCI"]
[Date "2015.10.24"]
[Round "7"]
[White "Canonne, Antoine"]
[Black "Prins, Jan"]
[Result "0-1"]
[WhiteElo "1967"]
[BlackElo "2073"]
[PlyCount "32"]
[EventDate "2015.10.18"]
[EventType "swiss"]
[EventRounds "7"]

1. e4 c5 2. Nc3 g6 3. f4 Bg7 4. Nf3 Nc6 5. Bb5 Nh6 6. d3 Nd4 7. O-O O-O 8. Nxd4
cxd4 9. Ne2 d5 10. Ng3 Qa5 11. Bc4 dxc4 12. dxc4 Bg4 13. Qd3 Rac8 14. Bd2 Qc5
15. b3 b5 16. h3 bxc4 0-1

[Event "41st Guernsey International Open"]
[Site "Guernsey, GCI"]
[Date "2015.10.24"]
[Round "7"]
[White "Sikkel, Dirk"]
[Black "Collier, David O"]
[Result "1/2-1/2"]
[WhiteElo "1937"]
[BlackElo "2037"]
[PlyCount "34"]
[EventDate "2015.10.18"]
[EventType "swiss"]
[EventRounds "7"]

1. e4 c5 2. Nf3 e6 3. b3 d6 4. Bb2 Nf6 5. e5 dxe5 6. Nxe5 Nbd7 7. Be2 Nxe5 8.
Bxe5 Qd5 9. Bxf6 gxf6 10. O-O Rg8 11. Bf3 Qg5 12. Nc3 f5 13. Qe2 a6 14. Rad1
Ra7 15. d4 Bg7 16. Na4 cxd4 17. Nb6 Qd8 1/2-1/2

[Event "41st Guernsey International Open"]
[Site "Guernsey, GCI"]
[Date "2015.10.24"]
[Round "7"]
[White "Shaw, Meyrick"]
[Black "Gravett, Alan D"]
[Result "1-0"]
[WhiteElo "2003"]
[BlackElo "1879"]
[PlyCount "40"]
[EventDate "2015.10.18"]
[EventType "swiss"]
[EventRounds "7"]

1. d4 Nf6 2. Nf3 g6 3. Bf4 Bg7 4. e3 O-O 5. Bd3 d6 6. c3 Nbd7 7. Qc2 Re8 8.
Nbd2 b6 9. e4 e5 10. dxe5 dxe5 11. Bg3 Bb7 12. Bc4 Rf8 13. Rd1 Qe7 14. O-O a6
15. a4 Nh5 16. Bh4 Bf6 17. Bxf6 Qxf6 18. b4 a5 19. Nb3 axb4 20. Rxd7 Qc6 1-0